Statistics for Top-Selling Video Games of 2013

Click here to take the quiz!

General Stats

  • This quiz has been taken 71 times
  • The average score is 3 of 10

Answer Stats

HintAnswer% Correct
#2 WorldwideCall of Duty: Ghosts
82%
#1 WorldwideGrand Theft Auto V
74%
#3 WorldwideFIFA 2014
48%
#6 WorldwideThe Last of Us
38%
#5 WorldwideAssassin's Creed IV: Black Flag
29%
#4 WorldwidePokemon X&Y
25%
#10 WorldwideBioshock Infinite
18%
#8 WorldwideTomb Raider
11%
#7 WorldwideAnimal Crossing: New Leaf
3%
#9 WorldwideMonster Hunter IV
0%

Score Distribution

Percentile by Number Answered

Percent of People with Each Score

Your Score History

You have not taken this quiz